000 00569cab a2200193 4500
001 ABS43152
008 090401t1990 xxu||||| |||| 00| 0 eng d
035 _a(Sirsi) u40586
041 _aeng
100 _aSimmonds, D.
245 _aGC/Works/1 edition 3 update
260 _c1990
350 _a0
490 _aConstruction News
_v(6178) 30 August 1990, 12
520 _aConsiders the changes to the third edition of GC/Works/1 . A revision is expected later in 1990.
690 _aBUILT ENVIRONMENT-BUILDING CONTRACT FORMS
942 _n0
948 _c04/03/1997
999 _c26002
_d26002